Shrinking European Cities - Statistics

General Stats
  • This quiz has been taken 189 times
  • The average score is 13 of 21
Answer Stats
Pop. (1990) Pop. (2022) Net Loss Flag City % Correct
816,556 637’798 178’758
Athens
94%
2,067,545 1’819’419 248’126
Bucharest
91%
910,445 620,974 289,471
Riga
91%
2,016,681 1’752’286 264’395
Budapest
87%
663,394 544’851 118’543
Lisbon
87%
1,115,371 1’010’537 104’834
Odessa
87%
1,067,365 914’758 152’607
Naples
85%
1,609,959 1’421’125 188’834
Kharkiv
76%
424,220 317’778 106’442
Thessaloniki
76%
1,109,102 901’645 207’457
Donetsk
73%
962,507 848’885 113’622
Turin
71%
1,191,971 968’502 223’469
Dnipro
60%
678,771 560’688 118’083
Genoa
58%
838,367 672’185 166’182
Łódź
56%
418,087 298’753 119’334
Kaunas
51%
1,438,133 1’226’076 212’057
Nizhny Novgorod
48%
883,909 710’052 173’857
Zaporizhzhia
35%
480,020 270’384 209’636
Murmansk
30%
763,109 603’904 159’205
Kryvyi Rih
23%
415,921 301’199 114’722
Arkhangelsk
21%
481,042 361’644 119’398
Ivanovo
6%
No matching quizzes found
Score Distribution
Percent of People with Each Score
Percentile by Number Answered
Your Score History
You have not taken this quiz